Vybrané problémy odborného vzdělávání Sborník statí 3

Gespeichert in:
Bibliographische Detailangaben
Format: Buch
Sprache:Tschechisch
Veröffentlicht: Praha Stát. ped. nakl. 1987
Ausgabe:1. vyd.
Tags: Tag hinzufügen
Keine Tags, Fügen Sie das erste Tag hinzu!

MARC

LEADER 00000nam a2200000 4500
001 c023554
005 20250818115109.2
041 0 |a cze 
044 |a CZ 
245 1 0 |a Vybrané problémy odborného vzdělávání  |b Sborník statí 3 
250 |a 1. vyd. 
264 1 |a Praha  |b Stát. ped. nakl.  |c 1987 
300 |a 154 s.